[Event "5eme LUCOPEN"]
[Site "Lille"]
[Date "2014.05.03"]
[Round "8"]
[White "Loiseau, Quentin"]
[Black "Dijkhuis, Tycho"]
[Result "1/2-1/2"]
[WhiteElo "2388"]
[BlackElo "2204"]
[PlyCount "64"]
[EventDate "2014.??.??"]

1. d4 Nf6 2. c4 c5 3. e3 g6 4. Nc3 Bg7 5. Nf3 O-O 6. Be2 d5 7. dxc5 Qa5 8. cxd5
Nxd5 9. Qxd5 Bxc3+ 10. Bd2 Rd8 11. Qxd8+ Qxd8 12. Bxc3 Nd7 13. O-O Nxc5 14.
Rfd1 Qe8 15. Bb5 Bd7 16. Bxd7 Nxd7 17. Rd4 Nc5 18. b3 Rd8 19. Rc4 Rc8 20. Bd4
Ne6 21. Rac1 Rxc4 22. Rxc4 Nxd4 23. Nxd4 Qd8 24. h3 Qa5 25. Rc2 Qe1+ 26. Kh2
Kg7 27. Nf3 Qd1 28. Rd2 Qc1 29. Rd7 Qc6 30. Rd2 Qc7+ 31. Kg1 Qc1+ 32. Kh2 Qc7+
1/2-1/2

[Event "5eme LUCOPEN"]
[Site "Lille"]
[Date "2014.05.03"]
[Round "8"]
[White "Dominguez Pons, Eric"]
[Black "Skomorokhin, Roman"]
[Result "0-1"]
[WhiteElo "2335"]
[BlackElo "2384"]
[PlyCount "114"]
[EventDate "2014.??.??"]

1. e4 e6 2. d4 d5 3. Nc3 Bb4 4. Nge2 dxe4 5. a3 Be7 6. Nxe4 Nf6 7. N2g3 Nc6 8.
Bb5 Nxe4 9. Nxe4 Qd5 10. Qd3 a6 11. Bxc6+ Qxc6 12. O-O b6 13. f3 Bb7 14. c3
O-O-O 15. Qe2 h6 16. Bf4 Rhg8 17. Rfe1 g5 18. Be5 Rg6 19. Nd2 h5 20. Qc4 Qd7
21. Re2 Rdg8 22. g4 Bd8 23. gxh5 Rh6 24. Kf2 f6 25. Bg3 f5 26. Be5 Rxh5 27. Ke1
Rh3 28. Kd1 Rg6 29. Rf2 Qb5 30. Qxb5 axb5 31. Kc2 Be7 32. Re1 Bd5 33. b3 Kb7
34. c4 bxc4 35. bxc4 Bc6 36. Kb2 Rg8 37. Re3 Rd8 38. Re1 Be8 39. Nb3 Ba4 40.
Re3 Rd7 41. Rfe2 Bc6 42. Nd2 Bd8 43. Rf2 Rdh7 44. Ree2 Be7 45. Rf1 Kc8 46. Rff2
Bb7 47. Re3 R7h4 48. Re1 c5 49. Bg3 Rh6 50. Be5 Kd7 51. Ree2 R6h4 52. dxc5 Bxc5
53. Rf1 f4 54. Rh1 Ke7 55. Rg2 g4 56. Bxf4 gxf3 57. Rg7+ Kf6 0-1

[Event "5eme LUCOPEN"]
[Site "Lille"]
[Date "2014.05.03"]
[Round "8"]
[White "Petrosian, Suren"]
[Black "Laine, Panu"]
[Result "1-0"]
[WhiteElo "2374"]
[BlackElo "2177"]
[PlyCount "59"]
[EventDate "2014.??.??"]

1. c4 e6 2. Nf3 Nf6 3. g3 d5 4. Bg2 Be7 5. O-O O-O 6. cxd5 exd5 7. d4 b6 8. Nc3
Bb7 9. Bf4 Nh5 10. Rc1 Nxf4 11. gxf4 Nd7 12. Ne5 c6 13. Qa4 b5 14. Qc2 Nb6 15.
Nb1 Rc8 16. Nd3 Rc7 17. Nd2 Re8 18. Nf3 Bd6 19. e3 Qf6 20. b3 Qh6 21. Kh1 Bc8
22. Rg1 Kh8 23. Nde5 Rf8 24. Qd3 f6 25. Nxc6 Bg4 26. Qxb5 Rfc8 27. Nxa7 Rxc1
28. Nxc8 Rxc8 29. Qxb6 Qh5 30. Ne1 1-0

[Event "5eme LUCOPEN"]
[Site "Lille"]
[Date "2014.05.03"]
[Round "8"]
[White "Friess, Nicolas"]
[Black "Goossens, Hanne"]
[Result "1-0"]
[WhiteElo "2350"]
[BlackElo "2112"]
[PlyCount "47"]
[EventDate "2014.??.??"]

1. d4 Nf6 2. c4 e6 3. Nc3 Bb4 4. Qc2 c5 5. dxc5 Bxc5 6. Nf3 Qb6 7. e3 Be7 8. b3
a6 9. Bb2 d6 10. g4 Qc7 11. O-O-O Nc6 12. a3 b6 13. g5 Nd7 14. Nd5 exd5 15.
cxd5 Nde5 16. Nxe5 dxe5 17. Qxc6+ Qxc6+ 18. dxc6 Bg4 19. Bg2 Bxd1 20. Rxd1 O-O
21. c7 Bxg5 22. Bxa8 Rxa8 23. Bxe5 Kf8 24. Rd6 1-0

[Event "5eme LUCOPEN"]
[Site "Lille"]
[Date "2014.05.03"]
[Round "8"]
[White "Castellanos Rodrigue, Renier"]
[Black "Faure, Stephane"]
[Result "1-0"]
[WhiteElo "2474"]
[BlackElo "2081"]
[PlyCount "59"]
[EventDate "2014.??.??"]

1. e4 e5 2. Nf3 Nc6 3. Bb5 Nf6 4. d3 d6 5. c3 Bd7 6. O-O Qe7 7. Re1 Nd8 8. Bc4
Be6 9. Nbd2 g6 10. d4 Bh6 11. dxe5 dxe5 12. Nxe5 O-O 13. Ndf3 Bg7 14. Bb3 Nh5
15. Nc4 a5 16. a4 Ra6 17. Bg5 f6 18. Be3 Qf7 19. Ncd2 g5 20. Nd4 Bxb3 21. Qxb3
Qxb3 22. N2xb3 Nf4 23. Nc5 Rd6 24. Nf5 Nd3 25. Re2 Ne6 26. Nxd6 Ndxc5 27. Nf5
Rd8 28. Bxc5 Nxc5 29. e5 Nb3 30. Rae1 1-0

[Event "5eme LUCOPEN"]
[Site "Lille"]
[Date "2014.05.03"]
[Round "8"]
[White "Adrien, Vincent"]
[Black "Frederic, Clement"]
[Result "1-0"]
[WhiteElo "2021"]
[BlackElo "2237"]
[PlyCount "49"]
[EventDate "2014.??.??"]

1. e4 e6 2. d4 d5 3. Nc3 Bb4 4. a3 Bxc3+ 5. bxc3 dxe4 6. Qg4 Nf6 7. Qxg7 Rg8 8.
Qh6 Nbd7 9. Ne2 b6 10. Ng3 Bb7 11. Be2 c5 12. O-O Rg6 13. Qh4 Qe7 14. f3 Rc8
15. a4 exf3 16. Bxf3 Bxf3 17. Rxf3 cxd4 18. Ba3 Qd8 19. Re1 Rxc3 20. Rxc3 Rg4
21. Nh5 Qa8 22. Rc8+ Qxc8 23. Nxf6+ Nxf6 24. Qxf6 Qb7 25. Rxe6+ 1-0

[Event "5eme LUCOPEN"]
[Site "Lille"]
[Date "2014.05.03"]
[Round "8"]
[White "Guedon, Stephane"]
[Black "Noordhoek, Henk"]
[Result "1/2-1/2"]
[WhiteElo "2210"]
[BlackElo "2048"]
[PlyCount "55"]
[EventDate "2014.??.??"]

1. d4 Nf6 2. c4 g6 3. Nf3 Bg7 4. Nc3 d5 5. cxd5 Nxd5 6. e4 Nxc3 7. bxc3 c5 8.
Be3 O-O 9. Qd2 cxd4 10. cxd4 Nc6 11. Bb5 Bd7 12. Rc1 a6 13. Be2 Rc8 14. d5 Ne5
15. Nxe5 Rxc1+ 16. Qxc1 Bxe5 17. f4 Qa5+ 18. Kf2 Bd6 19. Qb1 Bc5 20. Rc1 Rc8
21. Bxc5 Rxc5 22. Kf1 Rxc1+ 23. Qxc1 Qxa2 24. Qc7 Qa1+ 25. Kf2 Qd4+ 26. Kf1
Qa1+ 27. Kf2 Qd4+ 28. Kf1 1/2-1/2

[Event "5eme LUCOPEN"]
[Site "Lille"]
[Date "2014.05.03"]
[Round "8"]
[White "Roger, Mehdi"]
[Black "Malassagne, Isabelle"]
[Result "1/2-1/2"]
[WhiteElo "2202"]
[BlackElo "2045"]
[PlyCount "83"]
[EventDate "2014.??.??"]

1. e4 e5 2. Nf3 Nc6 3. Bb5 a6 4. Ba4 Nf6 5. O-O Nxe4 6. d4 b5 7. Bb3 d5 8. dxe5
Be6 9. Be3 Be7 10. c3 Nc5 11. Bxc5 Bxc5 12. Nd4 Nxe5 13. Re1 Qf6 14. Qh5 Bxd4
15. cxd4 Nd3 16. Rf1 Nf4 17. Qf3 Nh3+ 18. Kh1 Qxf3 19. gxf3 O-O 20. Nd2 Nf4 21.
Rfc1 Ne2 22. Rxc7 Rfc8 23. Rc5 Rd8 24. Bd1 Nxd4 25. Rac1 Bh3 26. Nb3 Re8 27.
Bc2 Nxc2 28. R5xc2 Re5 29. Nd4 Rae8 30. Rg1 h6 31. Rcc1 Rg5 32. Rg3 Bd7 33.
Rxg5 hxg5 34. Kg2 Rc8 35. Rxc8+ Bxc8 36. Kg3 f6 37. b4 Kf7 38. f4 gxf4+ 39.
Kxf4 g5+ 40. Kg3 Kg6 41. f3 Bd7 42. h4 1/2-1/2

[Event "5eme LUCOPEN"]
[Site "Lille"]
[Date "2014.05.03"]
[Round "8"]
[White "Navrotescu, Andreea-Cristiana"]
[Black "Vandemeulebrouck, Renaud"]
[Result "1-0"]
[WhiteElo "2190"]
[BlackElo "1932"]
[PlyCount "45"]
[EventDate "2014.??.??"]

1. d4 c5 2. d5 Nf6 3. c4 b5 4. Nd2 b4 5. e4 d6 6. b3 g6 7. Bb2 Bg7 8. Ngf3 Nbd7
9. Be2 a5 10. a3 Bb7 11. O-O O-O 12. Qc2 e6 13. axb4 exd5 14. cxd5 axb4 15.
Rxa8 Bxa8 16. Nc4 Qb8 17. Ra1 Re8 18. Bd3 Nb6 19. Nfd2 Nxc4 20. Nxc4 Bb7 21.
Ra5 Nd7 22. Rb5 Bf8 23. Na5 1-0

[Event "5eme LUCOPEN"]
[Site "Lille"]
[Date "2014.05.03"]
[Round "8"]
[White "Vekemans, Denis"]
[Black "Johnsen, Gunnar"]
[Result "1-0"]
[WhiteElo "1954"]
[BlackElo "2130"]
[PlyCount "61"]
[EventDate "2014.??.??"]

1. e4 e6 2. Nf3 d5 3. e5 c5 4. b4 c4 5. a3 a5 6. b5 Nd7 7. d4 cxd3 8. cxd3 f6
9. d4 fxe5 10. dxe5 Nh6 11. Bd3 Nf7 12. Bb2 g6 13. O-O Bg7 14. Re1 O-O 15. Re2
a4 16. Bd4 b6 17. Nc3 Nc5 18. Bc2 Bd7 19. Rb1 Ra5 20. Rb4 Qe8 21. Qb1 Nd8 22.
Re1 Ndb7 23. Nh4 Bh6 24. Be3 Bxe3 25. Rxe3 Ne4 26. Nxe4 dxe4 27. Bxe4 Nc5 28.
Nxg6 Rf7 29. Nf4 Rg7 30. Bf3 Bxb5 31. Nh5 1-0

[Event "5eme LUCOPEN"]
[Site "Lille"]
[Date "2014.05.03"]
[Round "8"]
[White "Kathstede, Gerd"]
[Black "Dupont, Arthur"]
[Result "1/2-1/2"]
[WhiteElo "2120"]
[BlackElo "1929"]
[PlyCount "80"]
[EventDate "2014.??.??"]

1. e4 d6 2. d4 g6 3. Nf3 Bg7 4. Nc3 c6 5. Be3 Nd7 6. Qd2 b5 7. Bd3 Qc7 8. O-O
Ngf6 9. Bh6 O-O 10. Rae1 e5 11. Bxg7 Kxg7 12. Ne2 Nb6 13. dxe5 dxe5 14. Qc3 c5
15. Ng3 c4 16. b3 b4 17. Qxb4 cxd3 18. cxd3 Re8 19. Rc1 Qe7 20. Qa5 Bg4 21. Nh4
Nh5 22. Nxh5+ Bxh5 23. g3 Be2 24. Rfe1 Bxd3 25. Rc3 Qd7 26. a4 f5 27. exf5 Bxf5
28. Nxf5+ Qxf5 29. Rc7+ Kh8 30. Rxa7 Rxa7 31. Qxa7 Nd7 32. a5 e4 33. Rc1 e3 34.
fxe3 Rf8 35. Qd4+ Ne5 36. e4 Qf6 37. Qe3 Ng4 38. Qc3 Ne5 39. Qe3 Ng4 40. Qc3
Ne5 1/2-1/2

[Event "5eme LUCOPEN"]
[Site "Lille"]
[Date "2014.05.03"]
[Round "8"]
[White "Burgnies, Stephane"]
[Black "Declercq, Jean"]
[Result "1-0"]
[WhiteElo "2170"]
[BlackElo "1770"]
[PlyCount "69"]
[EventDate "2014.??.??"]

1. e3 Nf6 2. Nf3 e6 3. a3 c5 4. c4 Nc6 5. Nc3 Be7 6. d4 cxd4 7. exd4 d5 8. c5
b6 9. b4 bxc5 10. dxc5 a6 11. Be3 Ng4 12. Bf4 Bf6 13. Rc1 O-O 14. h3 Bxc3+ 15.
Rxc3 Qf6 16. Qd2 d4 17. Rc1 Nge5 18. Nxe5 Nxe5 19. c6 Ng6 20. Bg3 e5 21. Bc4
Be6 22. O-O Bxc4 23. Rxc4 Ne7 24. Rfc1 Qe6 25. Rc5 f6 26. c7 Rfc8 27. Qd3 Ra7
28. f4 Nf5 29. fxe5 Nxg3 30. Qxg3 fxe5 31. Rxe5 Qd7 32. Qb3+ Kh8 33. Qd5 Qxd5
34. Rxd5 Kg8 35. Rd8+ 1-0

[Event "5eme LUCOPEN"]
[Site "Lille"]
[Date "2014.05.03"]
[Round "8"]
[White "Franck, Boris"]
[Black "Silvain, Thierry"]
[Result "1-0"]
[WhiteElo "2105"]
[BlackElo "1931"]
[PlyCount "89"]
[EventDate "2014.??.??"]

1. e4 e6 2. Nf3 d5 3. e5 c5 4. b4 c4 5. c3 a5 6. b5 Nd7 7. d3 cxd3 8. Bxd3 f6
9. Bf4 fxe5 10. Nxe5 Qf6 11. Nxd7 Bxd7 12. Qh5+ g6 13. Qe5 Bg7 14. Qc7 Rc8 15.
Qd6 e5 16. Qxf6 Bxf6 17. Bd2 Ne7 18. f3 Bf5 19. Bxf5 gxf5 20. O-O a4 21. Na3 h5
22. Rab1 Kd7 23. Rb4 Ra8 24. Rd1 Rhc8 25. Be1 Kd6 26. Nc4+ Kc5 27. Nb2 Kd6 28.
Nxa4 Rc7 29. Bf2 Ke6 30. Bb6 Rxa4 31. Rxa4 Rxc3 32. Ra7 d4 33. Rxb7 Kd5 34. Rc7
Ra3 35. Bc5 Rc3 36. Bxe7 Rxc7 37. Bxf6 Rc4 38. Rb1 e4 39. fxe4+ fxe4 40. b6 d3
41. Bg5 Kd4 42. b7 e3 43. b8=Q e2 44. Qf4+ Kc3 45. Bf6+ 1-0

[Event "5eme LUCOPEN"]
[Site "Lille"]
[Date "2014.05.03"]
[Round "8"]
[White "Dumas, Victor"]
[Black "Manet, Eric"]
[Result "1/2-1/2"]
[WhiteElo "2082"]
[BlackElo "1915"]
[PlyCount "140"]
[EventDate "2014.??.??"]

1. e4 c5 2. Nf3 d6 3. d4 cxd4 4. Nxd4 Nf6 5. Nc3 a6 6. Be3 e5 7. Nb3 Be6 8. f3
Nbd7 9. Qd2 Be7 10. O-O-O O-O 11. g4 Nb6 12. Qf2 Nfd7 13. Kb1 Qc7 14. Nd5 Bxd5
15. exd5 Rac8 16. Na5 Na4 17. Qd2 Bd8 18. Nb3 b5 19. Bd3 Nab6 20. Bxb6 Nxb6 21.
Be4 Nc4 22. Qd3 g6 23. h4 Qe7 24. Rh2 f6 25. Nd2 Nxd2+ 26. Qxd2 Bb6 27. c3 Rc7
28. Ka1 Rcc8 29. Bb1 Qc7 30. f4 exf4 31. Qxf4 Qe7 32. h5 Rc4 33. Qf3 Qe5 34.
Re2 Qf4 35. Qxf4 Rxf4 36. hxg6 hxg6 37. Bxg6 Rxg4 38. Bf5 Rg3 39. Re7 Rg1 40.
Rxg1+ Bxg1 41. Rd7 Bh2 42. Ra7 Re8 43. Be6+ Kh8 44. Rxa6 Kg7 45. Rb6 Kg6 46.
Rxb5 f5 47. Kb1 f4 48. Kc2 f3 49. Kd2 Bf4+ 50. Kd3 Rf8 51. Ke4 Bg5 52. Bh3 Rf4+
53. Kd3 Rh4 54. Bf1 Rh1 55. Be2 fxe2 56. Kxe2 Rh2+ 57. Kd3 Kf5 58. a4 Rh3+ 59.
Kc4 Rh4+ 60. Kb3 Ke5 61. a5 Be3 62. a6 Rh8 63. Kb4 Ra8 64. Ka5 Bf2 65. b4 Be3
66. c4 Bf2 67. c5 dxc5 68. bxc5 Kxd5 69. Kb6 Rb8+ 70. Ka5 Rxb5+ 1/2-1/2

[Event "5eme LUCOPEN"]
[Site "Lille"]
[Date "2014.05.03"]
[Round "8"]
[White "Gauer, Jacques"]
[Black "Soubirou, Oriane"]
[Result "0-1"]
[WhiteElo "1868"]
[BlackElo "2060"]
[PlyCount "70"]
[EventDate "2014.??.??"]

1. e4 e6 2. d4 d5 3. e5 c5 4. c3 Nc6 5. Nf3 Bd7 6. Be2 Qc7 7. O-O f6 8. Bf4
O-O-O 9. Bg3 f5 10. Ng5 Nh6 11. Bh5 g6 12. Be2 cxd4 13. cxd4 Qb6 14. Nc3 Qxd4
15. Qc2 Be7 16. Nf3 Qc5 17. Qd2 Nf7 18. Rfc1 g5 19. b4 Qxb4 20. Rab1 Qa5 21.
Rb5 Qc7 22. Nd4 f4 23. Nxd5 exd5 24. e6 Nfe5 25. exd7+ Qxd7 26. Bxf4 gxf4 27.
Qxf4 Qd6 28. Nf5 Qf6 29. Nxe7+ Qxe7 30. Qf5+ Kb8 31. f4 Rhf8 32. Qc2 Rxf4 33.
Qd2 Rb4 34. Rxb4 Qxb4 35. Qc2 Qe4 0-1

[Event "5eme LUCOPEN"]
[Site "Lille"]
[Date "2014.05.03"]
[Round "8"]
[White "Scherrer, Gilles"]
[Black "Gros, Patrick"]
[Result "1/2-1/2"]
[WhiteElo "1855"]
[BlackElo "2004"]
[PlyCount "48"]
[EventDate "2014.??.??"]

1. e4 e6 2. d4 c5 3. Nf3 cxd4 4. Nxd4 Bc5 5. Nc3 a6 6. Be3 d6 7. Qg4 Nf6 8. Qf3
Nbd7 9. O-O-O Qc7 10. Nb3 Ne5 11. Qe2 Bxe3+ 12. Qxe3 Bd7 13. Qd4 Ke7 14. f4 Nc6
15. Qf2 Rhd8 16. Be2 Kf8 17. g4 b5 18. g5 Ne8 19. f5 b4 20. fxe6 Bxe6 21. Nd5
Bxd5 22. Rxd5 a5 23. Bb5 a4 24. Nd2 b3 1/2-1/2

[Event "5eme LUCOPEN"]
[Site "Lille"]
[Date "2014.05.03"]
[Round "8"]
[White "Haussernot, Cecile"]
[Black "Skowron, Jean-Pol"]
[Result "1-0"]
[WhiteElo "2003"]
[BlackElo "1666"]
[PlyCount "29"]
[EventDate "2014.??.??"]

1. e4 c5 2. Nc3 e6 3. Nf3 Nc6 4. d4 d5 5. exd5 Nxd4 6. Nxd4 cxd4 7. Qxd4 Ne7 8.
Bg5 f6 9. Bxf6 gxf6 10. Qxf6 Ng6 11. Bb5+ Bd7 12. Qxe6+ Be7 13. O-O-O a6 14.
Ne4 axb5 15. Nd6+ 1-0

[Event "5eme LUCOPEN"]
[Site "Lille"]
[Date "2014.05.03"]
[Round "8"]
[White "Andriamandimbisoa, Mathieu"]
[Black "Stas, Arnould"]
[Result "0-1"]
[WhiteElo "1697"]
[BlackElo "1995"]
[PlyCount "96"]
[EventDate "2014.??.??"]

1. d4 Nf6 2. Nf3 g6 3. c4 Bg7 4. g3 O-O 5. Bg2 d6 6. O-O Nbd7 7. Nc3 e5 8. e4
exd4 9. Nxd4 Re8 10. h3 Nc5 11. Re1 Ne6 12. Be3 Nxd4 13. Bxd4 Be6 14. Qb3 Qd7
15. Kh2 Ng4+ 16. hxg4 Bxd4 17. f3 Be5 18. Nd5 c6 19. Nf4 Qe7 20. Nxe6 Qh4+ 21.
Kg1 Bxg3 22. Re2 fxe6 23. Qxb7 Rf8 24. Qb3 Bh2+ 25. Kf1 Qxg4 26. Ke1 Qh4+ 27.
Kd1 Rab8 28. Qa4 Be5 29. Qxc6 Qg3 30. Qd7 Rxb2 31. Qxe6+ Kh8 32. Qe7 Rg8 33.
Rxb2 Bxb2 34. Rc1 Qxg2 35. Rc2 Qxf3+ 36. Kd2 Be5 37. Qxa7 Qxe4 38. Qg1 Qd4+ 39.
Qxd4 Bxd4 40. Kd3 Bc5 41. a4 Ra8 42. Ra2 Kg7 43. Ke4 h5 44. Kf3 Kh6 45. Kg3 Ra5
46. Kh3 Bb4 47. Kg2 Rc5 48. Rc2 d5 0-1

[Event "5eme LUCOPEN"]
[Site "Lille"]
[Date "2014.05.03"]
[Round "8"]
[White "Dijkhuis, Sven"]
[Black "Nouar, Abderahmane"]
[Result "1-0"]
[WhiteElo "1993"]
[BlackElo "1613"]
[PlyCount "47"]
[EventDate "2014.??.??"]

1. e4 c5 2. Nf3 Nc6 3. Nc3 d6 4. d4 cxd4 5. Nxd4 a6 6. a4 g6 7. Be3 Bg7 8. Nd5
e6 9. Nxc6 bxc6 10. Bb6 Qh4 11. Nc7+ Kd7 12. Nxa8 Bb7 13. Qd3 Nf6 14. O-O-O
Nxe4 15. f3 Qf4+ 16. Be3 Qe5 17. Nb6+ Ke7 18. Nc4 Qd5 19. fxe4 Qxd3 20. Bxd3 c5
21. Rhf1 Rb8 22. b3 Bc8 23. e5 d5 24. Bxc5+ 1-0

[Event "5eme LUCOPEN"]
[Site "Lille"]
[Date "2014.05.03"]
[Round "8"]
[White "Perche, Louis"]
[Black "Kramo, Sosthene"]
[Result "0-1"]
[WhiteElo "1734"]
[BlackElo "1944"]
[PlyCount "34"]
[EventDate "2014.??.??"]

1. e4 e5 2. Nf3 Nc6 3. Bb5 a6 4. Ba4 Nf6 5. O-O Be7 6. Re1 b5 7. Bb3 O-O 8. h3
Bb7 9. a3 d5 10. exd5 Nxd5 11. Nxe5 Nxe5 12. Rxe5 Nf4 13. d4 Nxg2 14. d5 Nh4
15. Qg4 Kh8 16. Bg5 Bxg5 17. Rxg5 Qxg5 0-1

[Event "5eme LUCOPEN"]
[Site "Lille"]
[Date "2014.05.03"]
[Round "8"]
[White "Daurelle, Herve"]
[Black "Van Hoorebeke, Jimmy"]
[Result "1-0"]
[WhiteElo "2215"]
[BlackElo "1821"]
[PlyCount "77"]
[EventDate "2014.??.??"]

1. e4 c6 2. c4 d5 3. exd5 cxd5 4. cxd5 Nf6 5. Nc3 Nxd5 6. Nf3 Nc6 7. Bb5 Nxc3
8. bxc3 Bd7 9. O-O e6 10. Re1 Be7 11. d4 O-O 12. Bd3 Rc8 13. h4 Bf6 14. Rb1 Na5
15. Ba3 Re8 16. Ne5 Bxe5 17. Rxe5 b6 18. Qc2 h6 19. Rh5 Qf6 20. Bc1 Nc6 21. Qe2
e5 22. d5 Ne7 23. c4 Ng6 24. Qe4 Kf8 25. Ba3+ Kg8 26. Re1 Qf4 27. Bc1 Qxe4 28.
Bxe4 Bg4 29. Bxg6 Bxh5 30. Bxh5 Rxc4 31. Rd1 Rd8 32. Be3 Rc2 33. a3 Rc3 34. Bc1
f6 35. Bg4 b5 36. Be6+ Kf8 37. Bd2 Rc2 38. Bb4+ Ke8 39. d6 1-0

[Event "5eme LUCOPEN"]
[Site "Lille"]
[Date "2014.05.03"]
[Round "8"]
[White "Deketelaere, Francky"]
[Black "Ladisic, Alex-Sacha"]
[Result "0-1"]
[WhiteElo "1814"]
[BlackElo "2028"]
[PlyCount "54"]
[EventDate "2014.??.??"]

1. d4 Nf6 2. Nf3 d6 3. e3 g6 4. Be2 Bg7 5. O-O O-O 6. c4 Nc6 7. Nc3 e5 8. d5
Ne7 9. b4 a5 10. Qb3 axb4 11. Qxb4 Nd7 12. Bb2 Nc5 13. a4 f5 14. Rfd1 e4 15.
Ne1 g5 16. a5 Bd7 17. Nb5 Ng6 18. Bxg7 Kxg7 19. Nd4 Qf6 20. Nb3 f4 21. Nxc5
fxe3 22. f3 dxc5 23. Qxc5 Rae8 24. Qxc7 Ne5 25. Rab1 g4 26. Rb6 Qf4 27. Re6
Nxf3+ 0-1

[Event "5eme LUCOPEN"]
[Site "Lille"]
[Date "2014.05.03"]
[Round "8"]
[White "Sargissyan, Sargis"]
[Black "Grove, Michael"]
[Result "1-0"]
[WhiteElo "2283"]
[BlackElo "2071"]
[PlyCount "71"]
[EventDate "2014.??.??"]

1. e4 e5 2. Nf3 Nc6 3. Bb5 a6 4. Ba4 Nf6 5. O-O Be7 6. Re1 b5 7. Bb3 O-O 8. d4
Nxd4 9. Nxd4 exd4 10. e5 Ne8 11. c3 dxc3 12. Nxc3 d6 13. Bd5 Rb8 14. Be3 c5 15.
exd6 Bxd6 16. Bxc5 Qc7 17. Bxd6 Nxd6 18. Rc1 Qb6 19. Qf3 Bf5 20. Bb3 Be6 21.
Nd5 Bxd5 22. Bxd5 Ne8 23. Re7 Qf6 24. Qxf6 Nxf6 25. Bb3 Rbe8 26. Rcc7 a5 27. a3
h6 28. h3 Kh7 29. Bxf7 Rxe7 30. Rxe7 Rd8 31. Re5 Rd1+ 32. Kh2 Rd2 33. Rxb5 Rxf2
34. b3 Ne4 35. Bc4 Rd2 36. Rxa5 1-0

[Event "5eme LUCOPEN"]
[Site "Lille"]
[Date "2014.05.03"]
[Round "8"]
[White "Bauche, Timothe"]
[Black "Bannink, Bernard"]
[Result "1/2-1/2"]
[WhiteElo "2045"]
[BlackElo "2248"]
[PlyCount "106"]
[EventDate "2014.??.??"]

1. d4 d5 2. c4 c6 3. e3 Nf6 4. Nc3 a6 5. Qc2 b5 6. b3 e6 7. Bd3 Be7 8. Nf3 Bb7
9. c5 Nbd7 10. O-O h6 11. Bd2 O-O 12. Ne2 Re8 13. Bc3 Qc7 14. b4 Bf8 15. Qb2
Ne4 16. Bxe4 dxe4 17. Ne5 f6 18. Ng6 Kh7 19. Nef4 f5 20. Qb3 Qc8 21. f3 Nf6 22.
Nxf8+ Rxf8 23. Qxe6 Qxe6 24. Nxe6 Rf7 25. Nf4 Re8 26. Bd2 Bc8 27. h4 g5 28.
hxg5 hxg5 29. Nh3 Kg6 30. f4 g4 31. Ng5 Rfe7 32. a4 Nh7 33. Nxh7 Rxh7 34. axb5
axb5 35. d5 Rd7 36. d6 Bb7 37. Bc3 Rh7 38. Ra7 Ra8 39. Rxa8 Bxa8 40. Rd1 Rd7
41. Kf2 Bb7 42. Kg3 Bc8 43. Ra1 Rh7 44. Ra8 Bd7 45. Rf8 Rf7 46. Rg8+ Kh7 47.
Rb8 Kg6 48. Rd8 Rh7 49. Be5 Be6 50. Rf8 Rf7 51. Rg8+ Kh7 52. Rh8+ Kg6 53. Rg8+
Kh7 1/2-1/2

[Event "5eme LUCOPEN"]
[Site "Lille"]
[Date "2014.05.03"]
[Round "8"]
[White "Farrington, Edward J"]
[Black "Huesmann, Thomas"]
[Result "1-0"]
[WhiteElo "1869"]
[BlackElo "2217"]
[PlyCount "95"]
[EventDate "2014.??.??"]

1. Nc3 e5 2. Nf3 Nc6 3. d4 exd4 4. Nxd4 d5 5. Bf4 a6 6. Nxc6 bxc6 7. Qd4 Nf6 8.
Qe5+ Be6 9. Qxc7 Qxc7 10. Bxc7 d4 11. Na4 Bb4+ 12. c3 dxc3 13. bxc3 Ba3 14. e3
Bf5 15. Bc4 Ne4 16. Ke2 O-O 17. f3 Nd6 18. Bb3 Nb5 19. Ba5 Rfe8 20. g4 Be6 21.
Rad1 Bf8 22. Nb6 Ra7 23. Bxe6 fxe6 24. Rd7 Rxd7 25. Nxd7 Bd6 26. c4 Na7 27. c5
Be7 28. a4 Bd8 29. Bb6 Nc8 30. Rd1 Bg5 31. Ne5 Ne7 32. Rd8 Rxd8 33. Bxd8 Bf6
34. Nd7 Nd5 35. Bxf6 gxf6 36. Kd2 Kf7 37. Nb8 Nb4 38. a5 f5 39. h3 Kf6 40. gxf5
Kxf5 41. e4+ Kf4 42. Kc3 Na2+ 43. Kb3 Nc1+ 44. Kc2 Ne2 45. Nxc6 Kxf3 46. Kd3
Nf4+ 47. Kd4 Nxh3 48. Ne5+ 1-0

[Event "5eme LUCOPEN"]
[Site "Lille"]
[Date "2014.05.03"]
[Round "8"]
[White "Caloone, Thomas"]
[Black "Veys, Vincent"]
[Result "0-1"]
[WhiteElo "1973"]
[BlackElo "2201"]
[PlyCount "82"]
[EventDate "2014.??.??"]

1. e4 e5 2. Nf3 Nc6 3. Nc3 Nf6 4. d4 exd4 5. Nxd4 Bb4 6. Nxc6 bxc6 7. Bd3 d5 8.
exd5 cxd5 9. O-O O-O 10. h3 c6 11. Qf3 Rb8 12. Bf4 Bd6 13. b3 Be6 14. Bxd6 Qxd6
15. Qg3 Qb4 16. a3 Qb6 17. Na4 Qa5 18. Qd6 Rbc8 19. Qb4 Qc7 20. Nc5 Nd7 21.
Nxd7 Bxd7 22. Rfe1 c5 23. Qh4 h6 24. c4 d4 25. Qe4 g6 26. Qe7 Rfe8 27. Qf6 Qb6
28. Rxe8+ Rxe8 29. Qxb6 axb6 30. Kf1 Bc6 31. a4 Kf8 32. Ra2 Re7 33. b4 cxb4 34.
Rb2 Rb7 35. Rxb4 Ke7 36. Bc2 Kd6 37. Ke2 Kc5 38. Rb1 Kxc4 39. Bb3+ Kc3 40. Bxf7
Bxg2 41. Bxg6 Re7+ 0-1

[Event "5eme LUCOPEN"]
[Site "Lille"]
[Date "2014.05.03"]
[Round "8"]
[White "Tupet, Guillaume"]
[Black "Rouze, Xavier"]
[Result "0-1"]
[WhiteElo "1910"]
[BlackElo "2084"]
[PlyCount "100"]
[EventDate "2014.??.??"]

1. d4 d5 2. Nf3 Nf6 3. c4 c6 4. Nc3 dxc4 5. a4 Bf5 6. e3 e6 7. Bxc4 Bb4 8. O-O
O-O 9. Qe2 Nbd7 10. e4 Bg6 11. Bd3 Bh5 12. e5 Nd5 13. Nxd5 cxd5 14. Qe3 Be7 15.
Ne1 Bg6 16. f4 Nb8 17. g4 f5 18. exf6 Bxf6 19. g5 Bxd3 20. Nxd3 Be7 21. Qxe6+
Kh8 22. Ne5 Nc6 23. Nf7+ Rxf7 24. Qxf7 Nxd4 25. Rd1 Nc2 26. Rb1 d4 27. Bd2 Qd7
28. Qh5 Qf5 29. Rbc1 d3 30. Re1 Bc5+ 31. Kg2 Nxe1+ 32. Rxe1 Qd7 33. Qf3 Rd8 34.
Re4 b6 35. f5 Rf8 36. Re5 Qd4 37. Rd5 Qxb2 38. Qxd3 Qa1 39. Rd7 Qxa4 40. Bc3
Qg4+ 41. Qg3 Qe2+ 42. Kh3 Qf1+ 43. Qg2 Qxf5+ 44. Qg4 Qf1+ 45. Kh4 Qf2+ 46. Kh5
Qxh2+ 47. Qh4 Qe2+ 48. Qg4 Qe8+ 49. Kh4 Bf2+ 50. Kh3 Qe3+ 0-1

[Event "5eme LUCOPEN"]
[Site "Lille"]
[Date "2014.05.03"]
[Round "8"]
[White "Allemand, Christian"]
[Black "Bourgeois, Florian"]
[Result "0-1"]
[WhiteElo "1775"]
[BlackElo "1986"]
[PlyCount "80"]
[EventDate "2014.??.??"]

1. e4 g6 2. d4 Bg7 3. Be3 c5 4. c3 Nf6 5. Bd3 cxd4 6. cxd4 Nc6 7. Nc3 d6 8. h3
O-O 9. Nge2 b6 10. Rc1 Bb7 11. O-O Rc8 12. f4 e6 13. Qd2 Qe7 14. Rf2 Rfd8 15.
Rcf1 Nb4 16. Bb1 d5 17. a3 Nc6 18. e5 Nd7 19. Nb5 Ndb8 20. g4 Ba6 21. Nd6 Rxd6
22. exd6 Qxd6 23. f5 Bxe2 24. Rxe2 exf5 25. gxf5 Re8 26. Kg2 Nd7 27. fxg6 hxg6
28. Ref2 Nf6 29. Rf3 Na5 30. Bf4 Qd7 31. Qd1 Nh5 32. Be5 Nc4 33. Qc1 Nxe5 34.
dxe5 Rxe5 35. Rxf7 Qe6 36. R7f3 Bf6 37. Qh6 Rg5+ 38. Kh2 Qe5+ 39. Kh1 Ng3+ 40.
Rxg3 Qxg3 0-1

[Event "5eme LUCOPEN"]
[Site "Lille"]
[Date "2014.05.03"]
[Round "8"]
[White "Alloui-Cros, Baptiste"]
[Black "Dorlet, Nicolas"]
[Result "1/2-1/2"]
[WhiteElo "1943"]
[BlackElo "1795"]
[PlyCount "82"]
[EventDate "2014.??.??"]

1. d4 Nf6 2. Bg5 c5 3. Bxf6 exf6 4. d5 d6 5. e3 Be7 6. Nc3 O-O 7. g3 f5 8. Bg2
Nd7 9. Nf3 Nf6 10. Nd2 a6 11. a4 Bd7 12. O-O b5 13. e4 fxe4 14. Ncxe4 Nxe4 15.
Nxe4 bxa4 16. f4 f5 17. Nd2 Bf6 18. c3 Bb5 19. Re1 Re8 20. Bf1 Qb6 21. Qc2 g6
22. Nc4 Qc7 23. Qd2 Kf7 24. Re6 Rxe6 25. dxe6+ Ke7 26. Ne3 Bc6 27. Bg2 Rb8 28.
Re1 Ke8 29. e7 Bxg2 30. Qxg2 Qb7 31. Nd5 Bg7 32. c4 Bxb2 33. Qe2 Bd4+ 34. Kh1
Qd7 35. Qd2 Bg7 36. Qa5 Kf7 37. Qxa6 Re8 38. Kg2 Bf6 39. Nxf6 Kxf6 40. Rd1 Qxe7
41. Rxd6+ Kg7 1/2-1/2

[Event "5eme LUCOPEN"]
[Site "Lille"]
[Date "2014.05.03"]
[Round "8"]
[White "Jimenez, Martin"]
[Black "De Lagontrie, Jean"]
[Result "1-0"]
[WhiteElo "1932"]
[BlackElo "1806"]
[PlyCount "53"]
[EventDate "2014.??.??"]

1. d4 d5 2. Nf3 Nf6 3. e3 e6 4. Bd3 Bd6 5. Nbd2 O-O 6. b3 Nbd7 7. Bb2 c5 8. Ne5
Qe7 9. a3 Ne8 10. O-O f6 11. Nxd7 Bxd7 12. dxc5 Bxc5 13. e4 Bc6 14. b4 dxe4 15.
Nxe4 Bxe4 16. Bxe4 Bb6 17. Qe2 Kh8 18. Rfe1 Qf7 19. c4 e5 20. c5 Bd8 21. Rad1
g6 22. Qb5 a6 23. Qxb7 Qxb7 24. Bxb7 Ra7 25. Bxa6 Rxa6 26. Rxd8 Kg8 27. f4 1-0